zpět

Detail výsledku týmu

Hostinec A. Basaře, Horoušany

Datum a čas kvízu

32.5 Celkem bodů Celkový počet nahraných bodů na tomto kvízu bez doplňovacích otázek.
1. Pořadí na kvízu Konečné umístění týmu na tomto kvízu.

Zaznamenané odpovědi

# Otázka Odpověď Body Výsledky
1. První místopředseda ČSSD ve st... 1
2. Náčelník policie jisté evropsk... 1
3. Hudební festival Colours of Os... 1
4. Americký miliardář a spoluzakl... 1
5. V úterý 6. listopadu kolem pol... 1
6. V tomto tématu se budeme pohyb... 0
7. Pokud bychom vyrazili z Kuala... 0
8. Pokud bychom se z Mikulova poh... 0
9. Ze kterého evropského státu mu... 0
10. Pokud se z Jihlavy budeme pohy... 1